| 000 | 00722nam a2200193 i 4500 | ||
|---|---|---|---|
| 001 | 133568 | ||
| 003 | ES-MaACL | ||
| 005 | 20230906194444.0 | ||
| 007 | t| | ||
| 008 | 070821s1889 xxu ||||1| eng d | ||
| 100 | 1 |
_aStevenson, John James. _9108167 |
|
| 245 | 1 | 4 |
_aThe mesozoic rocks of southern Colorado and northern new Mexico / _cby John J. Stevenson. |
| 260 |
_a[S.l. : _bs.n., _c1889?] |
||
| 300 |
_ap. [391]-397 ; _c23 cm. |
||
| 500 | _aSin portada. | ||
| 500 | _aPrecede al tít.: From the American Geologist, june, 1889. | ||
| 650 | 4 |
_aGeología- _zEstados Unidos. _9157305 |
|
| 852 |
_aES-MaACL _jT-901-F-19 _z.- Legado de Federico de Botella y de Hornos _z.- Enc. en un vol. facticio falto de la cub. original |
||
| 999 |
_c133568 _d133568 |
||